[Event "Rivera Huila Hernandez Memorial-B"]
[Site "Rivera Huila"]
[Date "2023.07.21"]
[Round "2"]
[White "Giraldo Uribe, Jose Jardani"]
[Black "Osorio Mendez, Hector"]
[Result "1/2-1/2"]
[WhiteElo "1635"]
[BlackElo "1853"]
[PlyCount "87"]
[EventDate "2023.07.20"]
[EventType "swiss"]
[EventRounds "7"]
[EventCountry "COL"]
[SourceTitle "CBM 215 Extra"]
[Source "ChessBase"]
[SourceDate "2023.09.30"]
[SourceVersion "1"]
[SourceVersionDate "2023.09.30"]
[SourceQuality "1"]

1. c4 e5 2. g3 Nf6 3. Bg2 c5 4. e4 Nc6 5. Ne2 Be7 6. d3 d6 7. Nbc3 Bg4 8. h3 Bh5 9. Be3 Qd7 10. Qd2 Nd4 11. Bxd4 cxd4 12. Nd5 Nxd5 13. cxd5 0-0 14. 0-0 Rac8 15. f3 Rc7 16. Rac1 Rfc8 17. Rxc7 Rxc7 18. g4 Bg6 19. Rc1 Qd8 20. Rxc7 Qxc7 21. f4 f6 22. f5 Be8 23. Qc1 Bd8 24. Qxc7 Bxc7 25. Kf2 Ba5 26. Ng1 g5 27. Ke2 Kf8 28. Nf3 Ke7 29. Nd2 Bxd2 30. Kxd2 Kd7 31. Bf3 Kc7 32. Bd1 a5 33. b3 Kb6 34. Kc2 Kc5 35. a3 b5 36. Kb2 Bf7 37. Bf3 Be8 38. Bd1 Bd7 39. Bf3 Bc8 40. Be2 Ba6 41. Kc2 h6 42. Kb2 Bb7 43. Bf3 Ba8 44. Kc2 1/2-1/2

[Event "Manizales op 26th"]
[Site "Manizales"]
[Date "2017.01.07"]
[Round "6"]
[White "Londono Lopez, Donaldo Eliuver"]
[Black "Osorio Mendez, Hector"]
[Result "1/2-1/2"]
[WhiteElo "1538"]
[BlackElo "1926"]
[PlyCount "127"]
[EventDate "2017.01.04"]
[EventType "swiss"]
[EventRounds "9"]
[EventCountry "COL"]
[SourceTitle "CBM 176 Extra"]
[Source "ChessBase"]
[SourceDate "2017.03.02"]
[SourceVersion "1"]
[SourceVersionDate "2017.03.02"]
[SourceQuality "1"]

1. e4 e5 2. Nf3 Nc6 3. Bb5 a6 4. Ba4 Nf6 5. 0-0 b5 6. Bb3 Be7 7. Re1 0-0 8. c3 d6 9. h3 Na5 10. Bc2 c5 11. d4 cxd4 12. cxd4 Nc6 13. Be3 exd4 14. Nxd4 Nxd4 15. Qxd4 Qc7 16. Nc3 Bb7 17. Rac1 Qc5 18. Qd3 Qh5 19. Nd5 Bxd5 20. exd5 Rfe8 21. Qf5 Bf8 22. Qxh5 Nxh5 23. Bd1 Nf6 24. Bf3 Rac8 25. Kf1 g6 26. Rxc8 Rxc8 27. Rc1 Rxc1+ 28. Bxc1 Nd7 29. Ke1 Bg7 30. Kd1 Kf8 31. Kc2 Ke7 32. g3 Bd4 33. Be3 Bc5 34. b3 Bxe3 35. fxe3 Kf6 36. b4 Ke5 37. Kd3 f5 38. g4 Nb6 39. gxf5 gxf5 40. e4 fxe4+ 41. Bxe4 h6 42. Bf3 Nxd5 43. a3 Nf4+ 44. Ke3 Nd5+ 45. Kd3 Nf4+ 46. Ke3 Nd5+ 47. Kd3 Nf4+ 48. Ke3 d5 49. Bg4 Ne6 50. Kd3 h5 51. Bf3 h4 52. Bg4 Nf4+ 53. Kd2 Kd4 54. Bc8 Kc4 55. Ke3 Nd3 56. Bxa6 d4+ 57. Kd2 Nf4 58. a4 Kxb4 59. Bxb5 Nd5 60. Kd3 Kc5 61. Ke4 Nc3+ 62. Kd3 Nd5 63. Ke4 Nc3+ 64. Kd3 1/2-1/2

[Event "COL-ch U2000"]
[Site "Medellin"]
[Date "2016.??.??"]
[Round "8.19"]
[White "Encizo Mona, Mauricio"]
[Black "Osorio Mendez, Hector"]
[Result "0-1"]
[WhiteElo "1780"]
[BlackElo "1926"]
[PlyCount "38"]
[EventDate "2016.02.29"]
[EventType "swiss"]
[EventRounds "9"]
[EventCountry "COL"]
[SourceTitle "EXT 2024"]
[Source "ChessBase"]
[SourceDate "2023.10.10"]
[SourceVersion "1"]
[SourceVersionDate "2023.10.10"]
[SourceQuality "1"]

1. d4 e6 2. e4 d5 3. e5 Ne7 4. Nf3 c5 5. c3 Ng6 6. Bg5 Be7 7. Bxe7 Qxe7 8. Bd3 0-0 9. Bxg6 hxg6 10. h3 Nc6 11. dxc5 Qxc5 12. b4 Qb6 13. a4 a5 14. b5 Ne7 15. 0-0 Bd7 16. Qd3 Rac8 17. Qd4 Qc7 18. Na3 Nf5 19. g4 Nxd4 0-1

[Event "Huila Region-ch Amateur"]
[Site "Neiva"]
[Date "2015.01.24"]
[Round "2.4"]
[White "Osorio Mendez, Hector"]
[Black "Torrente, Alejandro Josue"]
[Result "0-1"]
[WhiteElo "1892"]
[BlackElo "1712"]
[PlyCount "56"]
[EventDate "2015.01.24"]
[EventType "swiss"]
[EventRounds "6"]
[EventCountry "COL"]
[SourceTitle "EXT 2024"]
[Source "ChessBase"]
[SourceDate "2023.10.10"]
[SourceVersion "1"]
[SourceVersionDate "2023.10.10"]
[SourceQuality "1"]

1. d4 d5 2. Nf3 Nf6 3. Bg5 Ne4 4. e3 Bg4 5. Bh4 c5 6. Be2 Qb6 7. Qc1 cxd4 8. Nxd4 Bxe2 9. Nxe2 Nc6 10. Nbc3 Nxc3 11. bxc3 e6 12. 0-0 Qa6 13. Qd2 Ba3 14. Qd3 Qa4 15. Bg3 0-0 16. Rfb1 b6 17. Nd4 Na5 18. Nb3 Rfc8 19. Nxa5 Qxa5 20. Rb3 Rc4 21. f3 Rac8 22. Be1 Be7 23. a3 Bf6 24. h3 Bxc3 25. Rxc3 Rxc3 26. Qd4 Qc5 27. Bxc3 Qxc3 28. Qa4 Qxa1+ 0-1